000 00845nam a2200217Ia 4500
003 GCL
008 140319s9999 xx 000 0 ara d
020 _a1163286977
040 _aGCL /
_cGCL
082 0 4 _a327.114
_bم ك
100 1 _aمحمد عيسى داود
245 1 0 _aكنز الفرات - اكتشاف امريكا جبل الذهب بنهر الفرات العراقى /
_cمحمد عيسى داود
260 _aالقاهرة :
_bمدبولى الصغير ،
_c2003
300 _a279 ص ؛
_c24 سم
650 0 4 _aالسياسة الدولية
650 0 4 _aالسياسة الخارجية
650 0 4 _aالعراق - الاحوال السياسية
650 0 4 _aحرب العراق -1990-الكويت
650 0 4 _aالولايات المتحدة الامريكية - الاحوال السياسية
942 _2ddc
_cBK
999 _c5596
_d5596